Més amics amb el Bibliobús Pedraforca : vine a veure-ho! / vine a veure-ho! /
Descripción Física:
1 punt de llibre : il·lustracions ; 19 x 5 cm
Otros Autores:
Montalt, Xesco
Materias:
Bibliobús Pedraforca
; Bibliobusos -- Barcelona (Província) -- Activitats culturals
; Punts de llibre
Idioma:
Catalán
MARC
| LEADER | 00000nrm a22000007a 4500 | ||
|---|---|---|---|
| 001 | 25601 | ||
| 008 | 220523b spa||||| |||| 00| 0 cat d | ||
| 017 | |a DL B 5355-2016 | ||
| 080 | |a NBM-13-127 | ||
| 245 | |a Més amics amb el Bibliobús Pedraforca : |b vine a veure-ho! / |c il·lustracions: Txesco Montalt | ||
| 260 | |a Barcelona : |b Diputació de Barcelona. |b Xarxa de Biblioteques Municipals, |c 2016 | ||
| 300 | |a 1 punt de llibre : |b il·lustracions ; |c 19 x 5 cm | ||
| 610 | 2 | 0 | |9 52872 |a Bibliobús Pedraforca |
| 650 | 0 | |a Bibliobusos |z Barcelona (Província) |x Activitats culturals |9 49254 | |
| 655 | 0 | |a Punts de llibre |9 52700 | |
| 700 | |9 52973 |a Montalt, Xesco |e il·lustrador | ||
| 710 | 1 | |a Barcelona (Catalunya : Província). |b Xarxa de Biblioteques Municipals |9 52650 | |
| 942 | |2 udc |c ARXIU |n 1 | ||
| 952 | |0 0 |1 0 |4 0 |6 NBM13127 |7 1 |9 61985 |a Arxiu |b Arxiu |d 2022-05-23 |l 0 |o NBM-13-127 |p 25601 |r 2022-05-23 00:00:00 |w 2022-05-23 |y ARXIU | ||
| 999 | |c 81704 |d 81704 | ||